000 00650nam a2200229 a 4500
001 53350
003 BD-RjUL
005 20211209075940.0
008 161005r2006 ii a|||| |||| 001 0 eng d
020 _a8173195579
035 _a(BD-RjUL)53470
040 _aBD-RjUL
_beng
_cBD-RjUL
041 _aeng
082 _222
_a539
_bPUM 2006
100 _aPuri, Sanjiv
_9159465
245 _aModern physics :
_b concepts and applications /
_cSanjiv Puri
260 _aNew Delhi :
_bNarose Publishing,
_cc2004 [reprint 2006]
300 _axv, 390 p. :
_bill. ;
_c24 cm.
500 _aIncludes index
650 _aModern Physics.
_9159466
942 _2ddc
_cBK
999 _c53350
_d53350